| 000 | 00404nam a2200121Ia 4500 | ||
|---|---|---|---|
| 008 | 250110s9999 xx 000 0 und d | ||
| 041 | _aeng | ||
| 100 |
_aKhire Pooja _9182512 |
||
| 245 | _aUnderstanding Landscapes Along Urban Rail Corridors For Its Visual Enhancement Panvel To CBD Belapur | ||
| 260 |
_bM Arch Landscape, Pune _c2013 |
||
| 300 | _a67p | ||
| 700 |
_aGuide Name:Kamalapurkar Subhada _9210185 |
||
| 999 |
_c363377 _d363377 |
||